<?xml version="1.0" encoding="UTF-8"?>
<collection xmlns="http://www.loc.gov/MARC21/slim">
 <record>
  <leader>01098pam a2200265 a 4500</leader>
  <controlfield tag="001">MAT.inmabb003561</controlfield>
  <controlfield tag="008">940412s1994####sz#a#####b####001#0#eng##</controlfield>
  <controlfield tag="005">20130313154229.0</controlfield>
  <datafield tag="245" ind1="1" ind2="0">
   <subfield code="a">Foundations of game theory :</subfield>
   <subfield code="b">noncooperative games /</subfield>
   <subfield code="c">Nicolai N. Vorob'ev ; translated from the Russian by Ralph P. Boas.</subfield>
  </datafield>
  <datafield tag="260" ind1=" " ind2=" ">
   <subfield code="a">Basel :</subfield>
   <subfield code="b">Birkhäuser,</subfield>
   <subfield code="c">1994.</subfield>
  </datafield>
  <datafield tag="300" ind1=" " ind2=" ">
   <subfield code="a">vi, 496 p. :</subfield>
   <subfield code="b">il. ;</subfield>
   <subfield code="c">25 cm.</subfield>
  </datafield>
  <datafield tag="500" ind1=" " ind2=" ">
   <subfield code="a">Traducción de: Osnovy teorii igr. Beskoalitsionnye igry. Moskva : &quot;Nauka&quot;, 1984.</subfield>
  </datafield>
  <datafield tag="504" ind1=" " ind2=" ">
   <subfield code="a">Incluye referencias bibliográficas (p. [457]-484) e índices.</subfield>
  </datafield>
  <datafield tag="505" ind1="0" ind2=" ">
   <subfield code="a">1. Noncooperative games -- 2. Finite noncooperative games -- 3. Two-person zero-sum games -- 4. Matrix games.</subfield>
  </datafield>
  <datafield tag="510" ind1="4" ind2=" ">
   <subfield code="a">MR,</subfield>
   <subfield code="c">95i:90002</subfield>
  </datafield>
  <datafield tag="020" ind1=" " ind2=" ">
   <subfield code="a">3764323787</subfield>
  </datafield>
  <datafield tag="020" ind1=" " ind2=" ">
   <subfield code="a">0817623787 (Boston)</subfield>
  </datafield>
  <datafield tag="100" ind1="1" ind2=" ">
   <subfield code="a">Vorob'ev, N. N.</subfield>
   <subfield code="q">(Nikolai Nikolaevich),</subfield>
   <subfield code="d">1925-</subfield>
  </datafield>
  <datafield tag="240" ind1="1" ind2="0">
   <subfield code="a">Osnovy teorii igr.</subfield>
   <subfield code="l">Inglés</subfield>
  </datafield>
  <datafield tag="650" ind1=" " ind2="0">
   <subfield code="a">Noncooperative games (Mathematics)</subfield>
  </datafield>
  <datafield tag="084" ind1=" " ind2=" ">
   <subfield code="a">91-01 (91-02 91A10)</subfield>
   <subfield code="2">msc2000</subfield>
  </datafield>
  <datafield tag="010" ind1=" " ind2=" ">
   <subfield code="a">   94016905 </subfield>
  </datafield>
  <datafield tag="040" ind1=" " ind2=" ">
   <subfield code="a">DLC</subfield>
   <subfield code="c">DLC</subfield>
   <subfield code="d">DLC</subfield>
  </datafield>
  <datafield tag="041" ind1="1" ind2=" ">
   <subfield code="a">eng</subfield>
   <subfield code="h">rus</subfield>
  </datafield>
  <datafield tag="859" ind1=" " ind2=" ">
   <subfield code="h">91</subfield>
   <subfield code="i">V954</subfield>
   <subfield code="p">A-7018</subfield>
   <subfield code="b">BIB. MATEMATICA</subfield>
  </datafield>
 </record>
</collection>
